[Event "50th ch-IND Challengers 2012"]
[Site "Tirupati IND"]
[Date "2012.05.24"]
[Round "9.19"]
[White "Thakur,Ak"]
[Black "Dhar,R"]
[Result "0-1"]
[WhiteElo "2304"]
[BlackElo "2158"]

1.e4 c5 2.Nf3 d6 3.Bb5+ Nd7 4.d4 Nf6 5.Nc3 cxd4 6.Qxd4 a6 7.Bxd7+ Bxd7 8.Bg5 e6
9.O-O-O Be7 10.e5 dxe5 11.Nxe5 Bc6 12.Nxc6 bxc6 13.Qc4 Qb6 14.Be3 Qb7 15.Bc5 O-O
16.Bxe7 Qxe7 17.Rd3 Nd5 18.Ne4 Rab8 19.a3 Qb7 20.b3 Qe7 21.Kb2 f5 22.Qc5 fxe4
23.Rxd5 Qf6+ 24.Rd4 Rbd8 25.Rd1 Rd5 26.Qc3 Qxf2 27.R4d2 Rxd2 28.Rxd2 e3 29.Rd7 Qf6
30.Rd3 e2 31.Re3 Qxc3+ 32.Kxc3 Rf2 33.Rxe6 Rxg2 34.Kd2 e1=Q+ 35.Kxe1 Rxc2
36.b4 Kf7 37.Re5 Rxh2 38.Ra5 Ra2 39.Rxa6 h5 40.Rxc6 Rxa3 41.b5 Rb3 42.b6 Rb2
43.Kf1 g6 44.Rc7+ Kf6 45.b7 h4 46.Rc6+ Kg5 47.Rc7 Kg4 48.Kg1 g5 49.Rc4+ Kh5
50.Rc7 h3 51.Kf1 g4 52.Kg1 Kh4 53.Kf1 h2  0-1

[Event "Albena Masters Open 2012"]
[Site "Albena BUL"]
[Date "2012.05.26"]
[Round "1.26"]
[White "Horoschavina,O"]
[Black "Swapnil,SD"]
[Result "0-1"]
[WhiteElo "2082"]
[BlackElo "2445"]

1.e4 c5 2.Nf3 d6 3.Bb5+ Nc6 4.Bxc6+ bxc6 5.h3 e5 6.O-O Nf6 7.Re1 Be7 8.c3 O-O
9.d4 exd4 10.cxd4 cxd4 11.Nxd4 Bd7 12.Nc3 Re8 13.Kh1 Qb6 14.f4 Rad8 15.Rb1 Bf8
16.Nb3 c5 17.e5 dxe5 18.fxe5 Bf5 19.Bd2 Bxb1 20.exf6 Rxe1+ 21.Qxe1 Bxa2 22.fxg7 Bxg7
23.Nc1 Qxb2 24.Ne4 Bb1 25.Nd6 Rxd6 26.Qe8+ Bf8  0-1

[Event "31st OCF NAO FIDE Open"]
[Site "Stillwater USA"]
[Date "2012.05.27"]
[Round "5.3"]
[White "Long,Ja1"]
[Black "Mc Entee,T"]
[Result "1-0"]
[WhiteElo "2032"]
[BlackElo "2166"]

1.e4 c5 2.Nf3 d6 3.Bb5+ Nc6 4.O-O Bd7 5.c3 Nf6 6.Re1 a6 7.Ba4 b5 8.Bc2 Bg4
9.h3 Bh5 10.g4 Bg6 11.d4 e5 12.dxc5 dxc5 13.Qxd8+ Rxd8 14.Bg5 Be7 15.Nbd2 Nd7
16.a4 f6 17.axb5 axb5 18.Be3 Bf7 19.Ra6 Rc8 20.Rd1 Be6 21.Nh4 g6 22.Ng2 Kf7
23.f4 exf4 24.Nxf4 Nde5 25.Rf1 Ra8 26.Rfa1 Rxa6 27.Rxa6 Rd8 28.Nb3 Bc4 29.Na5 Nxa5
30.Rxa5 b4 31.b3 Bd3 32.Bxd3 Nxd3 33.Nd5 bxc3 34.Ra7 Re8 35.Nxc3 Ke6 36.Nd5 Bd6
37.Rb7 Ra8 38.Kg2 Ra2+ 39.Kf1 Rb2 40.Rb6 f5 41.Nf4+ Nxf4 42.Bxf4 fxe4 43.Rxd6+ Kf7
44.Rb6 c4 45.b4 c3 46.Rc6 c2 47.Bc1 Rxb4 48.Rxc2 Ke6 49.Ke2 Rb3 50.Be3 Kd6
51.Ra2 Ke6 52.h4 h5 53.Ra6+ Kf7 54.gxh5 gxh5 55.Ra5 Rb2+ 56.Bd2 Rb3 57.Rxh5 Rh3
58.Rh6 Kg7 59.Bg5 Kf7 60.Rf6+ Kg7 61.Re6 Kh7 62.Rxe4 Kg6 63.Re3 Rh2+ 64.Kf3 Kf5
65.Kg3 Rh1 66.Rf3+ Kg6 67.Rf6+ Kg7 68.Kg4 Rb1 69.Kh5 Rb7 70.Rg6+ Kf7 71.Kh6 Rb5
72.Rf6+ Kg8 73.Kg6  1-0

[Event "21st Chicago Open"]
[Site "Wheeling USA"]
[Date "2012.05.27"]
[Round "6"]
[White "Aung Thant Zin"]
[Black "Sarkar,J"]
[Result "0-1"]
[WhiteElo "2299"]
[BlackElo "2411"]

1.e4 c5 2.Nf3 d6 3.Bb5+ Nd7 4.c3 Nf6 5.Qe2 a6 6.Ba4 c4 7.Bc2 Qc7 8.b3 b5
9.a4 Bb7 10.bxc4 bxc4 11.Na3 Rc8 12.O-O e6 13.Rb1 d5 14.e5 Ne4 15.Nd4 Nxe5
16.f4 Nd3 17.Bxd3 cxd3 18.Qxd3 Bc5 19.Nc2 O-O 20.Ba3 Rfe8 21.Bb4 f6 22.Bxc5 Nxc5
23.Qh3 e5 24.fxe5 fxe5 25.Nf5 Ne4 26.Qg4 Kh8 27.Qxg7+ Qxg7 28.Nxg7 Re7 29.Nf5 Rd7
30.Rfe1 Nxd2 31.Rbd1 Nc4 32.Nce3 Nb2 33.Rd2 Nxa4 34.Ng4 Nxc3 35.Nxe5 Rdc7
36.Nd6 Ne4 37.Nef7+ Kg7 38.Rb2 Rc1 39.Rb1 Rxe1+ 40.Rxe1 Rc3 41.h3 Bc6 42.Ra1 d4
43.Nxe4 Bxe4 44.Nd6 Bg6 45.Rxa6 d3 46.Kf2 Rc1 47.Ke3 Re1+ 48.Kd2 Re2+ 49.Kd1 Rxg2
50.Nc4 Bh5+ 51.Ke1 d2+ 52.Nxd2 Re2+ 53.Kf1 Rxd2 54.Kg1 Bg6 55.Ra5 Kf6  0-1

[Event "Albena Masters Open 2012"]
[Site "Albena BUL"]
[Date "2012.05.28"]
[Round "3.18"]
[White "Vlashki,N"]
[Black "Gabuzyan,H"]
[Result "0-1"]
[WhiteElo "2252"]
[BlackElo "2457"]

1.e4 c5 2.Nf3 d6 3.Bb5+ Nd7 4.d4 cxd4 5.Qxd4 Nf6 6.Nc3 e6 7.Bg5 Be7 8.O-O-O h6
9.Bxf6 gxf6 10.Qe3 a6 11.Bxd7+ Bxd7 12.Nd4 Qa5 13.f4 O-O-O 14.f5 Kb8 15.Kb1 Rc8
16.Rhf1 h5 17.Qh3 Qe5 18.fxe6 fxe6 19.Nd5 Bd8 20.Nf4 Re8 21.Qxh5 Bb6 22.Qh7 Ba4
23.Nb3 Rh8 24.Qe7 Qxe4 25.Qxe6 Qxc2+ 26.Ka1 Ka7 27.Nd5 Bxb3 28.axb3 Qxb3
29.Qxd6 Bc5 30.Qf4 Rh5 31.Qg4 Ba3 32.Qd4+ Bc5 33.Qg4 Rch8 34.Nxf6 Rh4 35.Qf3 Ra4+
36.Kb1 Qa2+  0-1

[Event "Albena Masters Open 2012"]
[Site "Albena BUL"]
[Date "2012.05.30"]
[Round "5.9"]
[White "Lu Shanglei"]
[Black "Akshat,Kh"]
[Result "1-0"]
[WhiteElo "2522"]
[BlackElo "2400"]

1.e4 c5 2.Nf3 d6 3.Bb5+ Nc6 4.O-O Bd7 5.Re1 Nf6 6.c3 a6 7.Bf1 Bg4 8.d4 g6
9.dxc5 dxc5 10.Nbd2 Bg7 11.h3 Bc8 12.e5 Nd7 13.e6 fxe6 14.Ng5 Nde5 15.Nc4 Qxd1
16.Rxd1 Bd7 17.Nb6 Rd8 18.f4 h6 19.Ne4 Nf7 20.Nxc5 Bc8 21.Bd3 g5 22.Nxc8 Rxc8
23.Nxe6 Bf6 24.Bg6  1-0

[Event "Albena Masters Open 2012"]
[Site "Albena BUL"]
[Date "2012.05.30"]
[Round "5.3"]
[White "Spasov,V"]
[Black "Gabuzyan,H"]
[Result "1/2-1/2"]
[WhiteElo "2570"]
[BlackElo "2457"]

1.e4 c5 2.Nf3 d6 3.Bb5+ Bd7 4.Bxd7+ Qxd7 5.c4 Nc6 6.d4 cxd4 7.Nxd4 g6 8.Nc3 Bg7
9.Be3 Nf6 10.h3 O-O 11.O-O Rac8 12.b3 Qd8 13.Qd2 Qa5 14.Rfd1 Rfe8 15.Rac1 Qe5
16.Nf3 Qa5 17.Nd4 a6 18.Nxc6 Rxc6 19.f3 e6 20.Nd5 Qxd2 21.Nxf6+ Bxf6 22.Bxd2 Bb2
23.Rc2 Bd4+ 24.Kf1 f5 25.Ke2 fxe4 26.fxe4 d5 27.Be3 Bxe3 28.Kxe3 dxc4 29.Rxc4 Rxc4
30.bxc4 Rc8 31.Rd7 Rxc4 32.Rxb7 e5 33.Kf3 Rc3+ 34.Kg4 Re3 35.Kg5 Rxe4 36.g4  1/2-1/2

[Event "Albena Masters Open 2012"]
[Site "Albena BUL"]
[Date "2012.05.31"]
[Round "6.19"]
[White "Hamitevici,V"]
[Black "Gaehwiler,G"]
[Result "1-0"]
[WhiteElo "2437"]
[BlackElo "2280"]

1.e4 c5 2.Nf3 d6 3.Bb5+ Bd7 4.Bxd7+ Qxd7 5.c4 Nf6 6.Nc3 g6 7.d4 cxd4 8.Nxd4 Bg7
9.f3 O-O 10.Be3 Rc8 11.b3 a6 12.a4 e6 13.Rc1 d5 14.cxd5 exd5 15.e5 Ne8 16.f4 Nc6
17.Nxc6 bxc6 18.O-O Qb7 19.a5 Rab8 20.Bb6 f6 21.Na4 fxe5 22.Nc5 Qe7 23.fxe5 Bxe5
24.Re1 Qd6 25.Kh1 Ng7 26.Nxa6 Ra8 27.Qg4 Nf5 28.Nc5 Bxh2 29.Re6 Qf4 30.Qxf4 Bxf4
31.Rd1 Ng7 32.Ree1 Bd6 33.b4 Bxc5 34.Bxc5 Re8 35.Rc1 Nf5 36.Rxe8+ Rxe8 37.a6 Ra8
38.a7 Ng3+ 39.Kh2 Ne4 40.Bb6 Nd6 41.Rxc6 Nb5 42.Rc5 Nxa7 43.Ra5 Rb8 44.Bxa7 Rxb4
45.Rxd5 Rb7 46.Bd4 Kf7 47.Kg3 Ke6 48.Re5+ Kd6 49.Kf4 Rb4 50.Ke4 Rb3 51.Ra5 Ke6
52.Ra6+ Kf7 53.Ra7+ Ke6 54.Rxh7 Rg3 55.Rh2 Rg4+ 56.Kd3 Kf5 57.Bf2 g5 58.Ke2 Ra4
59.Be3 Kg4 60.Rh3 Ra2+ 61.Bd2 Rb2 62.Rd3 Rb7 63.Kf2 Rb2 64.Rd4+ Kh5 65.Kg3 Rb3+
66.Kh2 Rb5 67.Rd8 Kg4 68.Rg8 Rd5 69.Rxg5+ Rxg5 70.Bxg5 Kxg5 71.Kg3 Kf5 72.Kh4 Kf6
73.Kh5 Kf7 74.Kh6 Kg8 75.g3  1-0

[Event "Women's World Rapid Championship 2012"]
[Site "Batumi GEO"]
[Date "2012.05.31"]
[Round "2.23"]
[White "Klinova,M"]
[Black "Khukhashvili,S"]
[Result "1-0"]
[WhiteElo "2318"]
[BlackElo "2414"]

1.e4 c5 2.Nf3 d6 3.Bb5+ Nd7 4.O-O Nf6 5.Re1 a6 6.Bf1 b6 7.c4 Ne5 8.h3 Bb7
9.Nc3 e6 10.d3 Be7 11.Bf4 Nfd7 12.Bg3 O-O 13.Nxe5 dxe5 14.Qh5 Bf6 15.Rad1 Bc6
16.f4 exf4 17.Bxf4 Bd4+ 18.Kh1 Qf6 19.Bh2 Ne5 20.Be2 g6 21.Qh6 b5 22.Rf1 Qg7
23.Qxg7+ Kxg7 24.cxb5 axb5 25.a3 b4 26.Nb1 Nd7 27.axb4 e5 28.bxc5 Bxb2 29.Nd2 f6
30.Bg1 Ra2 31.Bg4 Rd8 32.Be6 Ra6 33.Bc4 Ra5 34.Nb3 Ra4 35.Rb1 Ba3 36.Bd5 Nb8
37.Nd2 f5 38.Rxb8 Rxb8 39.Bxc6 Ra6 40.Bd5 f4 41.Nc4 Bb2 42.c6 Ra1 43.Rxa1 Bxa1
44.Nb6  1-0

[Event "TCh-FRA Top 12 2012"]
[Site "Belfort FRA"]
[Date "2012.06.01"]
[Round "2.6"]
[White "Taddei,B"]
[Black "Hauchard,A"]
[Result "1/2-1/2"]
[WhiteElo "2320"]
[BlackElo "2536"]

1.e4 c5 2.Nf3 d6 3.Bb5+ Bd7 4.Bxd7+ Qxd7 5.O-O Nf6 6.Qe2 Nc6 7.Rd1 e6 8.d4 cxd4
9.Nxd4 Be7 10.c4 Nxd4 11.Rxd4 Qc6 12.Nc3 O-O 13.b3 a6 14.Bb2 Rfd8 15.a4 Ne8
16.Rad1 Bf6 17.R4d3 Be5 18.Kh1 Nf6 19.f3 Nh5 20.Qe3 Nf4 21.R3d2 Ng6 22.g3 Rac8
23.Kg2 h6 24.Ba3 Rd7 25.Ne2 Rcd8 26.f4 Bf6 27.Qf3 Qc7 28.Nd4 Ne7 29.Qg4 Nc6
30.Nf3 Na5 31.Rd3 Qc6 32.Bb4 Qb6 33.e5 Be7 34.exd6 Qxb4 35.dxe7 Qxe7 36.Rxd7 Rxd7
37.Ne5 Rxd1 38.Qxd1 f6 39.Nf3 Nc6 40.Qd3 Kf7 41.h4 Ke8 42.Nd4 Qd6 43.Qg6+ Kf8
44.Nxc6 Qxc6+ 45.Kh2 Qf3 46.Qc2 e5 47.fxe5 fxe5 48.Qd2 Ke7 49.c5 Qxb3 50.Qd6+ Kf7
51.Qxe5 Qa2+ 52.Kg1 Kg8  1/2-1/2

[Event "Women's World Rapid Championship 2012"]
[Site "Batumi GEO"]
[Date "2012.06.02"]
[Round "9.13"]
[White "Muzychuk,M"]
[Black "Melia,S"]
[Result "1/2-1/2"]
[WhiteElo "2456"]
[BlackElo "2410"]

1.e4 c5 2.Nf3 d6 3.Bb5+ Nd7 4.d4 cxd4 5.Qxd4 a6 6.Bxd7+ Bxd7 7.O-O e5 8.Qd3 h6
9.Nc3 Nf6 10.a4 Rc8 11.b3 Qc7 12.Bb2 Be7 13.Nd2 Be6 14.Rfd1 O-O 15.Nf1 Qa5
16.Ne3 g6 17.Rd2 Rc7 18.Rad1 Rfc8 19.Ncd5 Bxd5 20.exd5 b5 21.c4 Rb7 22.Bc3 Qd8
23.axb5 axb5 24.Ra2 bxc4 25.bxc4 Nd7 26.Ba5 Qe8 27.Bd2 h5  1/2-1/2

[Event "Bronshoj BSM IM 2012"]
[Site "Copenhagen DEN"]
[Date "2012.06.02"]
[Round "2.5"]
[White "Schou Moldt,T"]
[Black "Vesterli,M"]
[Result "1-0"]
[WhiteElo "2210"]
[BlackElo "2030"]

1.e4 c5 2.Nf3 d6 3.Bb5+ Nc6 4.O-O Bd7 5.Re1 e6 6.b3 Nf6 7.Bb2 a6 8.Bf1 Be7
9.e5 dxe5 10.Nxe5 Nxe5 11.Rxe5 Nd5 12.c4 Nb4 13.Rh5 Bf6 14.Bxf6 Qxf6 15.Nc3 b6
16.a3 Nc6 17.b4 g6 18.Rh3 cxb4 19.axb4 Nxb4 20.d4 O-O 21.Qd2 Nc6 22.Rd1 Rfd8
23.Ne4 Qg7 24.Qg5 h5 25.Nf6+ Kf8 26.Rg3 Qh8 27.d5 Ne7 28.Qe5 Qh6 29.Rf3 exd5
30.Nxd7+ Rxd7 31.Qe6 Ke8 32.Qxf7+  1-0

[Event "ch-GER Junior U18 2012"]
[Site "Oberhof GER"]
[Date "2012.06.02"]
[Round "9.7"]
[White "Becker,Mat2"]
[Black "Zuferi,E"]
[Result "0-1"]
[WhiteElo "2007"]
[BlackElo "2045"]

1.e4 c5 2.Nf3 d6 3.Bb5+ Nd7 4.d4 Nf6 5.O-O cxd4 6.Qxd4 e5 7.Qd3 h6 8.c4 Be7
9.Nc3 O-O 10.Bxd7 Bxd7 11.Rd1 a6 12.c5 dxc5 13.Bxh6 Qc7 14.Bg5 Be6 15.Bxf6 Bxf6
16.Nd5 Bxd5 17.exd5 c4 18.Qe4 Rfd8 19.Rac1 Rac8 20.Rc3 b5 21.Nh4 b4 22.Rh3 c3
23.bxc3 bxc3 24.Nf5 c2 25.Rc1 g6 26.Ne3 Qa5 27.g4 Qxa2 28.Rxc2 Rxc2 29.Qxc2 Qxc2
30.Nxc2 Rxd5 31.Ra3 a5 32.Ne3 Be7 33.Ra4 Rb5 34.Kg2 Kg7 35.Nc4 Rb4 36.Rxb4 axb4
37.Nd2 Kf6 38.Kf3 Ke6 39.Ke2 Kd5 40.Kd3 f5 41.gxf5 gxf5 42.f3 Bg5 43.Nb3 e4+
44.fxe4+ fxe4+ 45.Kc2 Be7 46.Kd2 Kc4 47.Na5+ Kb5 48.Nb3 Ka4 49.Nd4 Bg5+ 50.Kc2 Ka3
51.Nb3 Ka2 52.Nc5 e3 53.Ne4 e2  0-1

[Event "e2e4 Diamond Jubilee Premier"]
[Site "London ENG"]
[Date "2012.06.03"]
[Round "3.43"]
[White "Gupta,Arul"]
[Black "Lim,Z"]
[Result "1/2-1/2"]
[WhiteElo "1697"]
[BlackElo "2095"]

1.e4 c5 2.Nf3 d6 3.Bb5+ Bd7 4.Bxd7+ Qxd7 5.O-O Nf6 6.Re1 Nc6 7.c3 e6 8.d4 cxd4
9.cxd4 d5 10.e5 Ne4 11.Nbd2 Nxd2 12.Bxd2 Be7 13.Bf4 O-O 14.a3 Na5 15.Qe2 Rfc8
16.Rad1 Qa4 17.Rd3 Rc2 18.Qd1 Rac8 19.Re2 Qc6 20.Ne1 Rxe2 21.Qxe2 g6 22.Rc3 Qd7
23.Qc2 Rc6 24.Rxc6 Qxc6 25.Qxc6 bxc6 26.Bd2 Nb3 27.Bc3 Kf8 28.Kf1 Ke8 29.Ke2 Kd7
30.Kd3 c5 31.Nf3 cxd4 32.Nxd4 Nxd4 33.Bxd4 a6 34.Kc3 Kc6 35.Kb3 Bc5 36.Kc3 Bxd4+
37.Kxd4 Kb5 38.b3 a5 39.f4 h6 40.g3 Kc6 41.h3 h5 42.g4 hxg4 43.hxg4 Kb6 44.g5 Kc6
45.Ke3 Kc5 46.Kd3 d4 47.Kd2 Kd5 48.Kd3 Kc5 49.Kd2 Kc6 50.Kd3 Kc5  1/2-1/2

[Event "TCh-SUI National A 2012"]
[Site "Switzerland SUI"]
[Date "2012.06.03"]
[Round "4.2"]
[White "Bellini,F"]
[Black "Cvitan,O"]
[Result "1/2-1/2"]
[WhiteElo "2509"]
[BlackElo "2528"]

1.e4 c5 2.Nf3 d6 3.Bb5+ Bd7 4.Bxd7+ Qxd7 5.c4 g6 6.d4 cxd4 7.Nxd4 Bg7 8.Nc3 Nf6
9.h3 O-O 10.O-O Nc6 11.Be3 Rac8 12.b3 Rfd8 13.Rc1 e6 14.f4 a6 15.a4 Nb4 16.Qf3 Qe7
17.Rfd1 Nd7 18.Nde2 b6 19.Bf2 Nc5 20.Rb1 Qb7 21.Bd4 f5 22.Bxg7 Qxg7 23.exf5 gxf5
24.Rd2 Rd7  1/2-1/2

[Event "Bronshoj GM 2012"]
[Site "Copenhagen DEN"]
[Date "2012.06.05"]
[Round "9.1"]
[White "Bromann,T"]
[Black "Carstensen,J"]
[Result "1/2-1/2"]
[WhiteElo "2411"]
[BlackElo "2305"]

1.e4 c5 2.Nf3 d6 3.Bb5+ Nd7 4.d4 cxd4 5.Qxd4 a6 6.Bxd7+ Bxd7 7.c4 Rc8 8.Be3 e5
9.Qd3 b5 10.Nbd2 Nf6 11.Bg5 Qc7 12.b3 Be7 13.O-O bxc4 14.Nxc4 O-O 15.Bxf6 Bxf6
16.Nxd6 Rcd8 17.Qxa6 Be7 18.Nc4 Bc6 19.Ncxe5 Bxe4 20.Rac1 Qb8 21.Nc6 Qd6
22.Nxe7+ Qxe7 23.Rfe1 Rfe8 24.Qa4 Ra8 25.Qc4 Qa3 26.Re3 Bxf3 27.Rxf3 Ra7
28.Re3 Rxe3 29.fxe3 h5 30.Rc2 Qe7 31.Qd3 Ra8 32.Rc4 g6 33.Qc3 Kh7 34.a4 Rd8
35.Rd4 Rc8 36.Rc4 Rd8 37.Rd4 Rc8 38.Qd2 Qa3 39.Rc4 Rxc4 40.bxc4 Qxa4 41.Qd5 Qa1+
42.Kf2 Qb2+ 43.Kf3 Qf6+ 44.Ke2 Qb2+ 45.Kd3 Qb3+ 46.Ke4 f5+ 47.Kd4 Qb2+ 48.Kd3 Qb3+
49.Kd4 Qb2+ 50.Kc5 Qa3+ 51.Kb5 Qb3+ 52.Kc6 Qxe3 53.c5 Kh6 54.Kd7 Qe4 55.Qd2+ f4
56.c6 Qf5+ 57.Kd8 Qf6+ 58.Kc7 Qe5+ 59.Qd6 Qg7+ 60.Kc8 Qg8+ 61.Kc7 Qg7+ 62.Qd7 Qe5+
63.Kb7 Qb2+ 64.Ka7 Qa3+ 65.Kb8 Qb2+ 66.Qb7 Qh8+ 67.Ka7 Qa1+ 68.Qa6 Qg7+ 69.Kb6 Qd4+
70.Kb7 Qe4 71.Qa2 Qb4+ 72.Ka6 Qe4 73.Kb7 Qb4+ 74.Kc8 Qf8+ 75.Kd7 Qg7+ 76.Ke8 Qe5+
77.Kd7 Qg7+ 78.Kd6 Qf8+ 79.Kd7  1/2-1/2

[Event "1st Grand Europe Open"]
[Site "Golden Sands BUL"]
[Date "2012.06.05"]
[Round "2.16"]
[White "Carmaciu,L"]
[Black "Esen,B"]
[Result "1/2-1/2"]
[WhiteElo "2388"]
[BlackElo "2568"]

1.e4 c5 2.Nf3 d6 3.Bb5+ Nd7 4.d4 Nf6 5.O-O cxd4 6.Qxd4 h6 7.Rd1 e5 8.Qd3 a6
9.Bxd7+ Bxd7 10.c4 b5 11.Nc3 Qb8 12.a4 bxc4 13.Qxc4 Be7 14.Nd2 O-O 15.Qd3 Bg4
16.f3 Be6 17.Nc4 d5 18.exd5 Nxd5 19.Nxd5 Bxd5 20.Be3 Bxc4 21.Qxc4 Rc8 22.Qe2 Qb4
23.Rd3 Rab8 24.b3 Rc3 25.Rb1 Bc5 26.Rxc3 Qxc3 27.Bxc5 Qxc5+ 28.Kf1 a5 29.Qd2 Qb6
30.Qc3 f6 31.Qc4+ Kh8 32.Rd1 Rd8 33.Rxd8+ Qxd8 34.Qc3 Qb6 35.h4 h5 36.g3 Kh7
37.Kg2 Kg6 38.Qd3+ Kh6 39.Qd2+ Kg6 40.Qd3+ Kh6  1/2-1/2

[Event "1st Grand Europe Open"]
[Site "Golden Sands BUL"]
[Date "2012.06.05"]
[Round "2.21"]
[White "Nevednichy,V"]
[Black "Shirazi,K"]
[Result "1/2-1/2"]
[WhiteElo "2553"]
[BlackElo "2372"]

1.e4 c5 2.Nf3 d6 3.Bb5+ Bd7 4.Bxd7+ Qxd7 5.O-O Nc6 6.c3 d5 7.exd5 Qxd5 8.d4 e6
9.Qa4 cxd4 10.Nxd4 Bc5 11.Nb5 O-O-O 12.c4 Qe5 13.Nd2 a6 14.Nf3 Qf5 15.Nc3 Ne5
16.Nxe5 Qxe5 17.Qc2 Nf6 18.Ne2 Qe4 19.Qxe4 Nxe4 20.Be3 Bxe3 21.fxe3 f6 22.Nd4 e5
23.Nf3 Rd3 24.Rfe1 Rhd8 25.Rac1 g5 26.g4 h5 27.gxh5 g4 28.Nh4 Rh8 29.Rcd1 Rxd1
30.Rxd1 Rxh5 31.Ng6 Rh3 32.Ne7+ Kb8 33.Rd8+ Kc7 34.Rg8 Kd6 35.Rxg4 Kxe7 36.Rxe4  1/2-1/2

[Event "Kuna Arandu GpB"]
[Site "Luque PAR"]
[Date "2012.06.05"]
[Round "1.4"]
[White "Chang,S"]
[Black "Fernandez,Maria"]
[Result "0-1"]
[WhiteElo "2013"]
[BlackElo "2150"]

1.e4 c5 2.Nf3 d6 3.Bb5+ Bd7 4.Bxd7+ Qxd7 5.O-O Nc6 6.Qe2 Nf6 7.c3 e6 8.d4 cxd4
9.cxd4 Be7 10.Nc3 O-O 11.Re1 Rad8 12.Bg5 h6 13.Bh4 d5 14.e5 Ne4 15.Bxe7 Nxc3
16.Qd3 Qxe7 17.Qxc3 Rc8 18.Qd2 Rc7 19.Rac1 Rfc8 20.Rc3 Na5 21.Rec1 Nc4 22.Qe2 Rc6
23.g3 Qb4 24.Rb3 Qe7 25.Rbc3 R8c7 26.h4 Qb4 27.Rb3 Qa5 28.Ra1 Qa6 29.Qd1 b6
30.Kg2 Qc8 31.Ne1 Qa8 32.Qe2 Qd8 33.Rd1 Qc8 34.Qg4 a6 35.Qe2 b5 36.Qf3 Nb6
37.Rbd3 a5 38.Qf4 b4 39.Rf3 Nc4 40.Nd3 Qf8 41.g4 Rc8 42.h5 Qe7 43.Rc1 Nb6
44.Rxc6 Rxc6 45.Nc5 Rc7 46.a3 Nd7 47.axb4 axb4 48.Nxd7 Rxd7 49.Rb3 Rc7 50.Qd2 Rc4
51.Kg3 Kh8 52.Qf4 Rc2 53.Qe3 Rc4 54.Qf4 Qa7 55.Rd3 Qe7 56.Rb3 Kh7 57.Qd2 Qg5
58.Qd3+ Kg8 59.f4 Qd8 60.Qd2 Qb8 61.Rd3 b3 62.Qe3 Rb4 63.f5 exf5 64.gxf5 Kh7
65.Kg4 g6 66.hxg6+ fxg6 67.e6 gxf5+ 68.Kxf5 Qd8 69.Qg3 Qf8+ 70.Ke5 Rb6 71.Rf3 Qd6+
72.Kf5 Qxe6+ 73.Kf4 Qe4+  0-1

[Event "Campeonato Individual Madrid 2012"]
[Site "Madrid ESP"]
[Date "2012.06.05"]
[Round "2.2"]
[White "Candela Perez,J"]
[Black "Almagro Llamas,P"]
[Result "0-1"]
[WhiteElo "2402"]
[BlackElo "2454"]

1.e4 c5 2.Nf3 d6 3.Bb5+ Nc6 4.Bxc6+ bxc6 5.O-O g6 6.d4 cxd4 7.Qxd4 e5 8.Qd3 f6
9.Rd1 Be6 10.c4 Qb6 11.b3 Rd8 12.Be3 Qb7 13.Nc3 Ne7 14.Na4 Qb8 15.Rd2 Bg7
16.Rad1 O-O 17.Bc5 Nc8 18.Qc3 Qc7 19.Bb4 Rd7 20.Rd3 Rff7 21.Qd2 Bf8 22.h3 h6
23.Nh4 Kh7 24.Rg3 Rg7 25.Qc2 c5 26.Bd2 Ne7 27.Nc3 Nc6 28.Nd5 Qd8 29.Bc3 Rdf7
30.Rf3 Nd4 31.Bxd4 cxd4 32.Kh2 Bc8 33.g3 Rg8 34.b4 Be6 35.Rc1 h5 36.Re1 Bh6
37.Ra3 f5 38.exf5 gxf5 39.Qe2 Bxd5 40.cxd5 Qg5 41.Nf3 Qf6 42.Nh4 Qg5 43.Nf3 Qf6
44.Nh4 e4 45.Qxh5 d3 46.Ng2 Rg5 47.Qh4 Qb2 48.Ra6 Qxf2 49.Rxd6 Rg6 50.Rxg6 Kxg6
51.Qd8 Kh7 52.Qh4 d2 53.Rd1 e3 54.Qd4 Rg7 55.g4 Qf3 56.Qd3 Kh8 57.Rxd2 Bf4+
58.Kg1 fxg4 59.Rc2 Bc7 60.h4 e2 61.Qd4 Qf1+  0-1

[Event "1st Grand Europe Open"]
[Site "Golden Sands BUL"]
[Date "2012.06.07"]
[Round "4.32"]
[White "Carlsson,P"]
[Black "Ji Dan"]
[Result "1-0"]
[WhiteElo "2531"]
[BlackElo "2326"]

1.e4 c5 2.Nf3 d6 3.Bb5+ Bd7 4.Bxd7+ Qxd7 5.O-O Nc6 6.c3 Nf6 7.d4 Nxe4 8.d5 Ne5
9.Re1 Nf6 10.Nxe5 dxe5 11.c4 O-O-O 12.Nc3 h6 13.Rxe5 e6 14.Bf4 Bd6 15.Nb5 Bb8
16.Qa4 b6 17.b4 cxb4 18.c5 Nxd5 19.c6  1-0

[Event "FSIMB June 2012"]
[Site "Budapest HUN"]
[Date "2012.06.09"]
[Round "7.1"]
[White "Xu Huahua"]
[Black "Szalanczy,E"]
[Result "1-0"]
[WhiteElo "2168"]
[BlackElo "2262"]

1.e4 c5 2.Nf3 d6 3.Bb5+ Nd7 4.O-O Nf6 5.Re1 a6 6.Bxd7+ Bxd7 7.c3 c4 8.e5 dxe5
9.Nxe5 Rc8 10.d4 cxd3 11.Qxd3 Be6 12.Qe2 g6 13.Nd2 Bg7 14.Ndf3 O-O 15.Be3 Qa5
16.Bd4 Rfd8 17.Ng5 Qd5 18.Bb6 Rd6 19.c4 Qd2 20.c5 Qxe2 21.Rxe2 Rxb6 22.cxb6 Bxa2
23.Nd3 Bd5 24.Rxe7 h6 25.Rc7 Rd8 26.Nh3 Rd6 27.Nhf4 Rxb6 28.Nxd5 Nxd5 29.Rd7 Rb5
30.g3 Nf6 31.Rd8+ Bf8 32.Rc1 Kg7 33.Re1 Rb3 34.Re2 a5 35.Ne5 Rb5 36.Nc4 Rc5
37.Nd6 b6 38.Kg2 Rc6 39.Ne8+ Nxe8 40.Rexe8 Bc5 41.g4 Kf6 42.h4 Bb4 43.Re3  1-0

[Event "26th Pula Open"]
[Site "Pula CRO"]
[Date "2012.06.09"]
[Round "1.25"]
[White "Mrdjen,D"]
[Black "Djurovic,G"]
[Result "0-1"]
[WhiteElo "1957"]
[BlackElo "2375"]

1.e4 c5 2.Nf3 d6 3.Bb5+ Bd7 4.Qe2 Nc6 5.a4 Nf6 6.Nc3 Rc8 7.Bc4 Bg4 8.d3 Nd4
9.Qd1 e6 10.Bg5 Be7 11.h3 Nxf3+ 12.gxf3 Bh5 13.Qe2 Nd7 14.Bxe7 Qxe7 15.Rg1 Ne5
16.Bb5+ Kf8 17.O-O-O Bxf3 18.Qe3 Bxd1 19.Nxd1 a6 20.Bc4 Qf6 21.Ba2 b5 22.f4 Nc6
23.e5 dxe5 24.Qxc5+ Qe7 25.Qxe7+ Kxe7 26.axb5 axb5 27.f5 Nd4 28.fxe6  0-1

[Event "OKU Open GpA 2012"]
[Site "Utrecht NED"]
[Date "2012.06.09"]
[Round "4.1"]
[White "Guliyev,N"]
[Black "Van Kampen,R"]
[Result "1-0"]
[WhiteElo "2522"]
[BlackElo "2563"]

1.e4 c5 2.Nf3 d6 3.Bb5+ Nd7 4.d4 cxd4 5.Qxd4 a6 6.Bxd7+ Bxd7 7.c4 Rc8 8.O-O e5
9.Qd3 Qc7 10.b3 b5 11.Na3 Qb7 12.Re1 Bc6 13.Nc2 Nf6 14.Nd2 Be7 15.Ba3 a5
16.cxb5 Bxb5 17.Nc4 O-O 18.N2e3 g6 19.Rad1 Rfe8 20.Bxd6 Bd8 21.a4 Ba6 22.Nd5 Qc6
23.Rc1 Qb7 24.Qf3 Nxd5 25.exd5 Bg5 26.Rc2 e4 27.Qg3 e3 28.Qxg5 exf2+ 29.Kxf2 Rxe1
30.Kxe1 Qxb3 31.Ne3 Re8 32.Kf2 f6 33.Qh6 Qd3 34.Bc5 Bc8 35.Be7 Qd4 36.d6 Bf5
37.Re2 Bg4 38.Qh4 Qf4+ 39.Kg1 Rb8 40.Re1 Rb2 41.Nxg4  1-0

[Event "5th Mayors Cup 2012"]
[Site "Mumbai IND"]
[Date "2012.06.12"]
[Round "8.5"]
[White "Gara,T"]
[Black "Adhiban,Baskaran"]
[Result "0-1"]
[WhiteElo "2365"]
[BlackElo "2555"]

1.e4 c5 2.Nf3 d6 3.Bb5+ Nd7 4.Nc3 a6 5.Bxd7+ Bxd7 6.d4 cxd4 7.Qxd4 e5 8.Qd3 h6
9.Be3 Nf6 10.a4 Rc8 11.Nd2 Qc7 12.O-O Be6 13.Rfd1 Be7 14.f3 O-O 15.Rac1 Rfd8
16.Qe2 d5 17.exd5 Nxd5 18.Nxd5 Rxd5 19.c4 Rd7 20.b3 Rcd8 21.Ne4 f5 22.Nc3 Qa5
23.Qc2 Rxd1+ 24.Rxd1 Rxd1+  0-1

[Event "26th Pula Open"]
[Site "Pula CRO"]
[Date "2012.06.12"]
[Round "5.5"]
[White "Maier,C"]
[Black "Martinovic,Sa"]
[Result "0-1"]
[WhiteElo "2342"]
[BlackElo "2504"]

1.e4 c5 2.Nf3 d6 3.Bb5+ Nd7 4.c3 Nf6 5.Qe2 a6 6.Ba4 b5 7.Bc2 e5 8.O-O Be7
9.d4 O-O 10.a4 Bb7 11.d5 c4 12.Na3 Nc5 13.Rd1 Qd7 14.h3 Rfc8 15.Bg5 h6 16.Bd2 bxa4
17.Ra2 a5 18.Nh2 Ba6 19.Nf1 Rab8 20.Qf3 Nh7 21.Ne3 Ng5 22.Qf5 Qd8 23.Nexc4 g6
24.Qg4 Ncxe4 25.Bxg5 Nxg5 26.Ne3 h5 27.Qxa4 f5 28.Bb1 Rc5 29.f4 Nf7 30.Nac2 Bb5
31.Qa3 exf4 32.b4 axb4 33.cxb4 Rcc8 34.Nxf5 gxf5 35.Nd4 Bf6 36.Rad2 Bxd4+
37.Rxd4 Qg5 38.Qf3 Rc4  0-1

[Event "16th Voronezh Master Open"]
[Site "Voronezh RUS"]
[Date "2012.06.12"]
[Round "1.43"]
[White "Sergienko,S"]
[Black "Duong,Thanh Binh"]
[Result "1-0"]
[WhiteElo "2402"]
[BlackElo "2131"]

1.e4 c5 2.Nf3 d6 3.Bb5+ Bd7 4.Bxd7+ Qxd7 5.c4 g6 6.O-O Bg7 7.d4 cxd4 8.Nxd4 Nf6
9.Nc3 Nc6 10.Nde2 Rc8 11.f3 O-O 12.Bg5 Nd8 13.b3 Ne6 14.Be3 b6 15.Qd2 Rfd8
16.Rad1 Qb7 17.Nd4 Nc5 18.Bh6 Bxh6 19.Qxh6 e6 20.Rfe1 a6 21.Qg5 Ne8 22.Nde2 Nd7
23.Kh1 Ndf6 24.Rd2 Rd7 25.Red1 Rc5 26.Qe3 Rc6 27.Nd4 Rc8 28.a4 Rdc7 29.Nce2 e5
30.Nc2 b5 31.axb5 axb5 32.Na3 bxc4 33.Nxc4 Rb8 34.Nc1 Qb4 35.h3 Rc6 36.Ra2 Nd7
37.Kh2 Nc5 38.Ra3 Rcc8 39.Na2 Qb7 40.Nxd6 Nxd6 41.Rxd6 Nxb3 42.Ra7 Qb5 43.Rdd7 Rf8
44.Nc3 Qf1 45.Nd5 Qc1 46.Qxc1 Nxc1 47.Rdc7 Nd3 48.Nf6+ Kg7 49.Nd7 Ra8 50.Nxf8 Rxa7
51.Rxa7 Kxf8 52.g3 Nc5 53.Kg2 Kg7 54.Kf2 Ne6 55.Ke3 g5 56.Kd3 Kg6 57.Ra6 Kf6
58.Kc4 Kg7 59.Rd6 Nd4 60.Rxd4 exd4 61.Kxd4  1-0

[Event "5th Mayors Cup 2012"]
[Site "Mumbai IND"]
[Date "2012.06.13"]
[Round "9.7"]
[White "Situru,N"]
[Black "Paragua,M"]
[Result "0-1"]
[WhiteElo "2290"]
[BlackElo "2521"]

1.e4 c5 2.Nf3 d6 3.Bb5+ Nd7 4.O-O Nf6 5.Re1 a6 6.Bf1 b6 7.d4 cxd4 8.Nxd4 Bb7
9.f3 e6 10.c4 Be7 11.Nc3 Rc8 12.Be3 O-O 13.Rc1 Qc7 14.Qd2 Qb8 15.Qf2 Rfe8
16.b3 Bd8 17.g4 Ne5 18.g5 Nfd7 19.Qg3 Bc7 20.f4 Ng6 21.f5 d5 22.Qf2 Nge5
23.fxe6 fxe6 24.exd5 exd5 25.Qh4 dxc4 26.bxc4 Nc5 27.Rcd1 Ne6 28.Be2 Ng6
29.Qf2 Rf8 30.Nxe6 Rxf2 31.Bxf2 Bxh2+ 32.Kf1 Bg3 33.Rd7 Rf8 34.Nxf8 Qxf8
35.Nd1 Qc8 36.Bxg3 Qxd7 37.Ne3 Qe7 38.Kf2 Qf8+ 39.Kg1 Qc5 40.Kf2 Qxg5 41.Rd1 Nf4
42.Bf1 Nh5 43.Bc7 Nf6 44.Rd8+ Kf7 45.Bd3 Qc5 46.Bf4 g5  0-1